| 000 | 01240cam a22003374a 4500 | ||
|---|---|---|---|
| 001 | 13065576 | ||
| 003 | OSt | ||
| 005 | 20221005042458.0 | ||
| 008 | 030122s2004 caua b 001 0 eng | ||
| 010 | _a 2003100989 | ||
| 020 | _a0534506003 | ||
| 035 | _a(DLC) 2003100989 | ||
| 040 |
_aMMU _cMMU _dMMU _beng |
||
| 042 | _apcc | ||
| 050 | 0 | 0 |
_aR726.5 _b.B72 2004 |
| 082 | 0 | 0 |
_a616/.001/9 _222 |
| 100 | 1 |
_aBrannon, Linda, _d1948- |
|
| 245 | 1 | 0 |
_aHealth psychology : _ban introduction to behavior and health / _cLinda Brannon, Jess Feist. |
| 250 | _a5th ed. | ||
| 260 |
_aBelmont, CA : _bThomson/Wadsworth, _cc2004. |
||
| 300 |
_axxii, 593 p. : _bill. ; _c24 cm. |
||
| 500 | _aIncludes bibliographical references (p. [510]-566) and indexes. | ||
| 650 | 0 | _aMedicine and psychology. | |
| 650 | 0 |
_aSick _xPsychology. |
|
| 650 | 0 | _aHealth behavior. | |
| 700 | 1 | _aFeist, Jess. | |
| 856 | 4 | 2 |
_3Contributor biographical information _uhttp://www.loc.gov/catdir/enhancements/fy1514/2003100989-b.html |
| 856 | 4 | 2 |
_3Publisher description _uhttp://www.loc.gov/catdir/enhancements/fy1514/2003100989-d.html |
| 856 | 4 | 1 |
_3Table of contents only _uhttp://www.loc.gov/catdir/enhancements/fy1514/2003100989-t.html |
| 942 |
_2lcc _cLOAN LOAN _e5th ed. |
||
| 999 |
_c26658 _d26658 |
||